000 02561cam a2200301 4500500
005 20260322002231.0
041 _afre
042 _adc
100 1 0 _aFerret, Nathan
_eauthor
700 1 0 _aCarey-Libbrecht, Liz
_eauthor
245 0 0 _aA Capitalism of Donation
260 _c2024.
500 _a41
520 _aIn this sociography of money on Twitch, the article highlights the underlying logic and social determinants of the donation economy in streaming. It draws on and compares two databases on streamers and viewers, which, illuminated by interviews and an online ethnography, set out and explain the distribution of video makers’ income and their audiences’ propensity to donate. Donating appears to be a socially acceptable way of monetizing emotions, interactions and social integration in the digital sphere, economically promoting the performance of online femininity, and targeting the most socially vulnerable youth. This donation-based monetization system, exploited by the platform, is underpinned by a non-market capitalist value system steeped in an ethos of fostering social relations on internet.
520 _aEn proposant une sociographie de l’argent sur Twitch, cet article cherche à mettre en évidence les logiques et les déterminants sociaux de l’économie du don par streaming. Pour cela, il mobilise et met en regard deux bases de données sur les streamers et les viewers qui, éclairées par des entretiens et une ethnographie virtuelle, exposent et expliquent la répartition des revenus des vidéastes et la propension de leur public à donner. Le don apparaît alors comme une forme socialement acceptable de monétisation des émotions, des interactions et de l’intégration sociale dans la sphère numérique, favorisant économiquement la performance de la féminité en ligne et ciblant les jeunes les plus fragiles socialement. Exploité par la plateforme, ce système de monétisation par don déploie une mise valeur capitaliste non marchande et profondément encastrée dans les logiques du lien social sur Internet.
690 _acapitalisme numérique
690 _acommunautés virtuelles
690 _adon
690 _agenre
690 _alive streaming
690 _adigital capitalism
690 _adonation
690 _agender
690 _alive streaming
690 _avirtual communities
786 0 _nRéseaux | o 246-247 | 4-5 | 2024-12-17 | p. 127-160 | 0751-7971
856 4 1 _uhttps://shs.cairn.info/journal-reseaux-2024-4-5-page-127?lang=en&redirect-ssocas=7080
999 _c1721561
_d1721561